Introduction to Mathematical Statistics

Αποθηκεύτηκε σε:
Λεπτομέρειες βιβλιογραφικής εγγραφής
Κύριος συγγραφέας: Hoel, Paul Gerhard 1905-
Μορφή: Βιβλίο
Γλώσσα:English
Δημοσίευση: New York : John Wiley, 1971
Σειρά:Wiley series in probability and mathematical statistics
Wiley publication in mathematical statistics
Θέματα:
Ετικέτες: Προσθήκη ετικέτας
Δεν υπάρχουν, Καταχωρήστε ετικέτα πρώτοι!

MARC

LEADER 00000nam a2200000 i 4500
001 1/34877
008 941103s1971 eng d
020 |a 0-471-40368-7 
035 |a 1990  |c ΔΩΡΕΑ  |l 10039776 
040 |a GR-MY-UA  |b gre  |e aacr 
041 0 |a eng 
082 0 |a 519.5 
100 1 |a Hoel, Paul Gerhard  |d 1905- 
245 1 0 |a Introduction to Mathematical Statistics 
260 |a New York :   |b John Wiley,   |c 1971 
300 |a 409 p.;  |c 23 cm. 
490 1 |a Wiley publication in mathematical statistics 
490 1 |a Wiley series in probability and mathematical statistics 
500 |a Includes index 
650 0 0 |a Mathematical statistics. 
830 0 |a Wiley series in probability and mathematical statistics 
830 0 |a Wiley publication in mathematical statistics 
852 |a INST  |b SAMOS  |e 19941103  |h 519.5 HOE  |p 005300002567  |q 005300002567  |t BK  |y 0 
909 |a Σ  |b 018426